International Business Finance <A> Concise Introduction

Gespeichert in:
Bibliographische Detailangaben
1. Verfasser: MacRae, Thomas W.
Format: Buch
Sprache:Englisch
Veröffentlicht: Chichester Wiley and Sons 1996
Ausgabe:1. ed.
Schlagworte:
Tags: Tag hinzufügen
Keine Tags, Fügen Sie das erste Tag hinzu!

MARC

LEADER 00000nam a2200000 4500
001 c019017
005 20221205125320.6
020 |a 0-471-96164-7 
041 0 |a eng 
044 |a GB 
245 1 0 |a International Business Finance  |b <A> Concise Introduction  |c Thomas W. MacRae 
250 |a 1. ed. 
264 1 |a Chichester  |b Wiley and Sons  |c 1996 
300 |a 282 s. 
610 2 0 |a financie medzinárodné 
610 2 0 |a obchod medzinárodný 
610 2 0 |a manažment finančný 
610 2 0 |a manažment medzinárodný 
610 2 0 |a trh medzinárodný 
610 2 0 |a trh peňažný medzinárodný 
610 2 0 |a riziko 
610 2 0 |a investície zahraničné 
610 2 0 |a mena 
610 2 0 |a dane 
100 1 |a MacRae, Thomas W.